[Event "2BLN 2324 FC St. Pauli - Lübecker SV"]
[Site "?"]
[Date "2024.02.24"]
[Round "7.2"]
[White "Feuerstack, Aljoscha"]
[Black "Waldhausen Gordon, Frederick"]
[Result "1-0"]
[WhiteElo "2468"]
[BlackElo "2365"]
[PlyCount "145"]
[EventDate "2024.??.??"]

1. d4 d5 2. c4 c6 3. Nf3 Nf6 4. g3 g6 5. Bg2 dxc4 6. O-O Bg7 7. a4 O-O 8. Na3 Be6 9. Ng5 Bd5 10. e4 h6 11. exd5 hxg5 12. dxc6 Nxc6 13. Bxg5 Qxd4 14. Bxc6 Qxd1 15. Rfxd1 bxc6 16. Nxc4 Nd5 17. Rac1 Rfb8 18. Na5 Rxb2 19. Rd2 Rxd2 20. Bxd2 c5 21. Rxc5 Nb6 22. Nc6 Nxa4 23. Nxe7+ Kf8 24. Rc7 Be5 25. Bh6+ Ke8 26. Nd5 f6 27. Rg7 Rb8 28. Nxf6+ Kd8 29. Bg5 Rb1+ 30. Kg2 Kc8 31. Rxa7 Nc3 32. Ng8 Rb6 33. Be3 Rd6 34. Bc5 Re6 35. Re7 Rxe7 36. Nxe7+ Kd7 37. Nxg6 Bf6 38. Kf3 Ke6 39. Nf4+ Kf5 40. g4+ Kg5 41. Be3 Kh4 42. Ng6+ Kh3 43. g5 Bd8 44. Nf4+ Kxh2 45. g6 Bf6 46. Nh5 Bh8 47. g7 Bxg7 48. Nxg7 Nd1 49. Bd4 Kh3 50. Nf5 Nxf2 51. Bxf2 Kh2 52. Ng3 Kh3 53. Ne4 Kh2 54. Be3 Kh3 55. Bf2 Kh2 56. Bg3+ Kg1 57. Nf2 Kf1 58. Bh2 Ke1 59. Ne4 Kf1 60. Nd2+ Ke1 61. Ke3 Kd1 62. Kd3 Ke1 63. Bg3+ Kd1 64. Nc4 Kc1 65. Bf2 Kd1 66. Nb2+ Kc1 67. Kc3 Kb1 68. Kb3 Kc1 69. Be3+ Kb1 70. Nc4 Ka1 71. Bh6 Kb1 72. Na3+ Ka1 73. Bg7# 1-0

[Event "2BLN 2324 FC St. Pauli - Lübecker SV"]
[Site "?"]
[Date "2024.02.24"]
[Round "7.3"]
[White "Krause, Ullrich"]
[Black "Krause, Benedict"]
[Result "1/2-1/2"]
[WhiteElo "2189"]
[BlackElo "2402"]
[PlyCount "61"]
[EventDate "2024.??.??"]

1. d4 Nf6 2. c4 g6 3. g3 c6 4. Bg2 d5 5. cxd5 cxd5 6. Nc3 Bg7 7. Nh3 Bxh3 8. Bxh3 Nc6 9. Bg2 e6 10. O-O O-O 11. e3 Rc8 12. Bd2 Ne8 13. Rc1 Nd6 14. Na4 Rc7 15. b3 Qe7 16. Qe2 Rfc8 17. Nc5 Nb8 18. a4 b6 19. Nd3 Rxc1 20. Rxc1 Rxc1+ 21. Bxc1 Qc7 22. Bb2 Nd7 23. Nb4 Bf8 24. Qc2 Qxc2 25. Nxc2 Nb8 26. Bc3 Nc6 27. f3 f5 28. h3 a5 29. Bf1 Nf7 30. Bb5 Nb4 31. Bxb4 {(=)} 1/2-1/2

[Event "2BLN 2324 FC St. Pauli - Lübecker SV"]
[Site "?"]
[Date "2024.02.24"]
[Round "7.4"]
[White "Socko, Monika"]
[Black "Lampe, Dirk"]
[Result "1-0"]
[WhiteElo "2427"]
[BlackElo "2156"]
[PlyCount "67"]
[EventDate "2024.??.??"]

1. e4 c5 2. Nf3 Nc6 3. Bb5 g6 4. Bxc6 bxc6 5. O-O Bg7 6. Re1 d6 7. c3 Nh6 8. d4 cxd4 9. cxd4 O-O 10. Nc3 f6 11. h3 Nf7 12. Be3 Qa5 13. a3 Bd7 14. b4 Qc7 15. Rc1 Qb7 16. d5 e5 17. Nd2 f5 18. Nc4 a5 19. Nxa5 Rxa5 20. dxc6 Bxc6 21. bxa5 fxe4 22. Rb1 Qa8 23. Rb6 Rc8 24. Qg4 d5 25. Bd2 Rd8 26. a6 Bf8 27. Bg5 Rd6 28. Reb1 Bd7 29. Qh4 Rxb6 30. Rxb6 Bc5 31. Rb7 Be6 32. Be7 Bd4 33. Qf6 Bc8 34. Bf8 1-0

[Event "2BLN 2324 FC St. Pauli - Lübecker SV"]
[Site "?"]
[Date "2024.02.24"]
[Round "7.5"]
[White "Sommer, Justus"]
[Black "Krause, Jonah"]
[Result "0-1"]
[WhiteElo "2155"]
[BlackElo "2370"]
[PlyCount "60"]
[EventDate "2024.??.??"]

1. e4 c5 2. Nf3 e6 3. d4 cxd4 4. Nxd4 Nc6 5. Nc3 Qc7 6. Be3 a6 7. Qd2 Nf6 8. O-O-O Be7 9. f3 b5 10. g4 Nxd4 11. Bxd4 Bb7 12. g5 Nh5 13. Kb1 O-O 14. Ne2 e5 15. Be3 d5 16. Ng3 Nf4 17. Bd3 Rad8 18. Bxf4 exf4 19. Nf5 Bxg5 20. e5 Qxe5 21. Rde1 Qf6 22. h4 Bh6 23. Re7 Bc8 24. Nxh6+ Qxh6 25. Qa5 Rde8 26. Rc7 Qd6 27. a4 bxa4 28. Rd1 Be6 29. Be4 a3 30. Ra7 Qb8 0-1

[Event "2BLN 2324 FC St. Pauli - Lübecker SV"]
[Site "?"]
[Date "2024.02.24"]
[Round "7.6"]
[White "Ertan, Can"]
[Black "Koop, Thilo"]
[Result "1-0"]
[WhiteElo "2361"]
[BlackElo "2096"]
[PlyCount "63"]
[EventDate "2024.??.??"]

1. e4 c5 2. Nf3 d6 3. d4 cxd4 4. Nxd4 Nf6 5. Nc3 a6 6. h3 e5 7. Nde2 h5 8. g3 Be6 9. Bg2 b5 10. Be3 Nbd7 11. f4 Nb6 12. b3 b4 13. Nd5 Nbxd5 14. exd5 Bf5 15. a3 Rc8 16. Rc1 bxa3 17. c4 a2 18. Ra1 Bb1 19. Nc3 h4 20. g4 Qe7 21. O-O exf4 22. Bd4 Qd7 23. Nxa2 Bxa2 24. Rxa2 Be7 25. g5 Nh5 26. Re1 Kf8 27. Bf3 Qf5 28. Bxh5 Qxg5+ 29. Rg2 Qxh5 30. Bxg7+ Ke8 31. Qd4 Rg8 32. Qa7 1-0

[Event "2BLN 2324 FC St. Pauli - Lübecker SV"]
[Site "?"]
[Date "2024.02.24"]
[Round "7.7"]
[White "Engel, Bruno"]
[Black "Sawatzki, Frank"]
[Result "0-1"]
[WhiteElo "1992"]
[BlackElo "2352"]
[PlyCount "64"]
[EventDate "2024.??.??"]

1. e4 c5 2. Nf3 Nc6 3. Bb5 g6 4. Bxc6 bxc6 5. O-O Bg7 6. c3 Nf6 7. Re1 O-O 8. d4 d5 9. e5 Ne4 10. Be3 Qb6 11. Qc1 c4 12. Nbd2 Nxd2 13. Nxd2 Bf5 14. b3 Bd3 15. bxc4 dxc4 16. a4 Qa5 17. Qa3 Rfe8 18. e6 f6 19. Bf4 Qf5 20. Bg3 Bh6 21. Qa2 Qd5 22. Nf1 c5 23. Rad1 Rad8 24. Bc7 Rc8 25. Rxd3 Rxc7 26. Rdd1 Rec8 27. dxc5 Qxc5 28. Ne3 Bxe3 29. Rxe3 Rb7 30. g3 Rcb8 31. Qe2 Rb1 32. Qc2 Qf5 0-1

[Event "2BLN 2324 FC St. Pauli - Lübecker SV"]
[Site "?"]
[Date "2024.02.24"]
[Round "7.8"]
[White "Mueller, Fabian"]
[Black "Sickmann, Lisa"]
[Result "1-0"]
[WhiteElo "2241"]
[BlackElo "2106"]
[PlyCount "65"]
[EventDate "2024.??.??"]

1. d4 d5 2. c4 e6 3. Nc3 Be7 4. Nf3 Nf6 5. Bg5 O-O 6. e3 Nbd7 7. cxd5 exd5 8. Bd3 Re8 9. O-O c6 10. Qc2 Nf8 11. h3 Be6 12. Rfe1 Ng6 13. Ne5 Qd6 14. f4 Bc8 15. f5 Nf8 16. Bf4 Qd8 17. Rad1 Nh5 18. Bh2 Bh4 19. Qe2 Bxe1 20. Qxh5 Bh4 21. Qxf7+ Kh8 22. e4 Nd7 23. exd5 Rf8 24. Qh5 Nxe5 25. dxe5 Qg5 26. Qxg5 Bxg5 27. e6 cxd5 28. Nxd5 b6 29. e7 Re8 30. Bb5 Bxf5 31. Bxe8 Rxe8 32. Nc7 Bg6 33. Nxe8 1-0

[Event "2BLN 2324 SV Glückauf Rüdersdorf - SG "]
[Site "?"]
[Date "2024.02.25"]
[Round "8.1"]
[White "Degtiarev, Evgeny"]
[Black "Klimkowski, Jan"]
[Result "0-1"]
[WhiteElo "2381"]
[BlackElo "2531"]
[PlyCount "94"]
[EventDate "2024.??.??"]

1. d4 Nf6 2. c4 e6 3. g3 d5 4. Nf3 Bb4+ 5. Bd2 Be7 6. Bg2 O-O 7. O-O c6 8. Qc2 Nbd7 9. a4 a5 10. Rc1 Ne4 11. Be3 b6 12. cxd5 cxd5 13. Nbd2 Nef6 14. Bf4 Ba6 15. Qd1 Rc8 16. Rxc8 Qxc8 17. Rc1 Bxe2 18. Qe1 Qa6 19. Qxe2 Qxe2 20. Bf1 Qxf1+ 21. Kxf1 Ra8 22. Rc7 Kf8 23. Nb1 Bb4 24. Nc3 Bxc3 25. bxc3 Ke8 26. Ne5 Nxe5 27. dxe5 Nd7 28. Be3 Nxe5 29. Bxb6 Nd7 30. Bd4 Kd8 31. Rc6 Rc8 32. Ra6 e5 33. Bb6+ Nxb6 34. Rxb6 Kd7 35. Rb5 Ke6 36. Rxa5 Rxc3 37. Ke2 Rc2+ 38. Kf3 e4+ 39. Ke3 Rc3+ 40. Ke2 d4 41. Ra8 Rc2+ 42. Ke1 d3 43. Rd8 Re2+ 44. Kf1 Ra2 45. f3 f5 46. g4 g6 47. h4 Ke5 0-1

[Event "2BLN 2324 SV Glückauf Rüdersdorf - SG "]
[Site "?"]
[Date "2024.02.25"]
[Round "8.2"]
[White "Kanarek, Marcel"]
[Black "Malek, Daniel"]
[Result "1-0"]
[WhiteElo "2496"]
[BlackElo "2291"]
[PlyCount "123"]
[EventDate "2024.??.??"]

1. d4 d5 2. c4 dxc4 3. Nf3 Nf6 4. e3 e6 5. Bxc4 c5 6. O-O a6 7. Be2 cxd4 8. Nxd4 Be7 9. Nc3 Bd7 10. e4 Nc6 11. Nb3 O-O 12. Be3 Qc7 13. f4 Rfd8 14. e5 Be8 15. Qe1 Nd7 16. Rc1 Rac8 17. Qf2 Qb8 18. a3 Bf8 19. Bf3 b5 20. Ne2 Ndxe5 21. fxe5 Nxe5 22. Rxc8 Rxc8 23. Ned4 b4 24. a4 Bxa4 25. Be2 Bd6 26. Bxa6 Rf8 27. h3 Ng6 28. Nd2 Bg3 29. Qe2 Nf4 30. Qg4 Ng6 31. Qe2 Be5 32. N2f3 Bf6 33. Bc4 Bd7 34. b3 Qg3 35. Qf2 Qb8 36. Rd1 Rc8 37. Ng5 Ne5 38. Be2 Nc6 39. Ne4 Be7 40. Nxc6 Bxc6 41. Nd2 Bd5 42. Nc4 Rd8 43. Bf4 Qb7 44. Kh2 f6 45. Ra1 Bf8 46. Ra7 Qc6 47. Qg3 e5 48. Be3 Be4 49. Nd2 Bd5 50. Ra6 Qb7 51. Rxf6 Bxg2 52. Rxf8+ Rxf8 53. Qxg2 e4 54. Bc4+ Kh8 55. Nxe4 Re8 56. Bd4 Rxe4 57. Bxg7+ Qxg7 58. Qxe4 Qb2+ 59. Qe2 Qc3 60. Qe8+ Kg7 61. Qf7+ Kh6 62. Qf4+ 1-0

[Event "2BLN 2324 SV Glückauf Rüdersdorf - SG "]
[Site "?"]
[Date "2024.02.25"]
[Round "8.3"]
[White "Andre, Gordon"]
[Black "Sieciechowicz, Marcin"]
[Result "0-1"]
[WhiteElo "2317"]
[BlackElo "2396"]
[PlyCount "64"]
[EventDate "2024.??.??"]

1. c4 c6 2. Nf3 d5 3. d4 Nf6 4. cxd5 cxd5 5. Nc3 Nc6 6. Bf4 Bf5 7. e3 e6 8. Rc1 Bb4 9. Bd3 Bxd3 10. Qxd3 Bxc3+ 11. bxc3 O-O 12. Bg5 Qa5 13. Bxf6 gxf6 14. Rc2 Qa3 15. Ke2 Rfc8 16. Rb1 Rc7 17. Nd2 Rac8 18. e4 Qa4 19. Rcb2 Ne7 20. Rc1 dxe4 21. Nxe4 Nd5 22. Qg3+ Kh8 23. Qh4 e5 24. Ke1 exd4 25. Rd1 Qa3 26. Re2 Re8 27. Rxd4 Qc1+ 28. Rd1 Qf4 29. g3 Qxh4 30. gxh4 Nf4 31. Rdd2 Nxe2 32. Nxf6 Re6 0-1

[Event "2BLN 2324 SV Glückauf Rüdersdorf - SG "]
[Site "?"]
[Date "2024.02.25"]
[Round "8.4"]
[White "Steczek, Marcin"]
[Black "Melamed, Tatjana"]
[Result "1/2-1/2"]
[WhiteElo "2341"]
[BlackElo "2352"]
[PlyCount "27"]
[EventDate "2024.??.??"]

1. d4 Nf6 2. Bg5 Ne4 3. Bf4 d5 4. f3 Nf6 5. Nc3 c5 6. e3 cxd4 7. exd4 a6 8. Qd2 e6 9. Bd3 Nc6 10. Nge2 Be7 11. g4 b5 12. Bg3 Nd7 13. h4 Nb6 14. b3 1/2-1/2

[Event "2BLN 2324 SV Glückauf Rüdersdorf - SG "]
[Site "?"]
[Date "2024.02.25"]
[Round "8.5"]
[White "Armbrust, Florian"]
[Black "Dudzinski, Piotr"]
[Result "1/2-1/2"]
[WhiteElo "2271"]
[BlackElo "2337"]
[PlyCount "33"]
[EventDate "2024.??.??"]

1. e4 e6 2. d4 d5 3. Nc3 dxe4 4. Nxe4 Bd7 5. Nf3 Bc6 6. Bd3 Nd7 7. Bf4 Ngf6 8. Nxf6+ Nxf6 9. O-O Be7 10. Re1 Bxf3 11. Qxf3 c6 12. Be5 O-O 13. Rad1 g6 14. Qf4 Nd7 15. Bc7 Bg5 16. Qg3 Bh4 17. Qf4 1/2-1/2

[Event "2BLN 2324 SV Glückauf Rüdersdorf - SG "]
[Site "?"]
[Date "2024.02.25"]
[Round "8.6"]
[White "Sroczynski, Maciej"]
[Black "Woellermann, Jan"]
[Result "1-0"]
[WhiteElo "2266"]
[BlackElo "2352"]
[PlyCount "143"]
[EventDate "2024.??.??"]

1. d4 Nf6 2. c4 e6 3. Nf3 d5 4. Nc3 a6 5. cxd5 exd5 6. Bg5 Be6 7. e3 Nbd7 8. Bd3 Bd6 9. O-O c6 10. Bf4 Qb8 11. Bxd6 Qxd6 12. h3 O-O 13. Nh4 Qe7 14. Nf5 Bxf5 15. Bxf5 Ne8 16. Bxd7 Qxd7 17. Na4 Qe7 18. Nc5 Nd6 19. Qc2 Kh8 20. Rfe1 f5 21. Nd3 Rf6 22. Ne5 g5 23. f3 Rg8 24. Re2 Qe6 25. Rf1 Rgf8 26. b3 Kg7 27. Qc5 h5 28. Qb6 Qe7 29. Qc5 g4 30. Nd3 gxh3 31. Nf4 hxg2 32. Rxg2+ Kh6 33. Kf2 Re8 34. Qc1 Kh7 35. Nxh5 Rg6 36. Rh2 Rh6 37. Rfh1 Nf7 38. Qd2 Rg8 39. Qd3 Qg5 40. Ke1 Kh8 41. Kd2 Re8 42. Nf4 Qf6 43. Rh5 Rxh5 44. Nxh5 Qg5 45. Nf6+ Nh6 46. Rxh6+ Qxh6 47. Nxe8 Qe6 48. Nc7 Qc8 49. Na8 Qxa8 50. Qxf5 Qd8 51. Kc2 Qb6 52. Qe5+ Kh7 53. e4 Qa5 54. a4 Qe1 55. exd5 Qf2+ 56. Kc1 Qxf3 57. Qe7+ Kg8 58. Qe6+ Kg7 59. dxc6 Qc3+ 60. Kb1 Qd3+ 61. Ka2 Qd2+ 62. Ka3 a5 63. Qd7+ Kg6 64. Qd6+ Kf7 65. Qc7+ Kg6 66. cxb7 Qb4+ 67. Ka2 Qd2+ 68. Kb1 Qd1+ 69. Kb2 Qxd4+ 70. Qc3 Qd6 71. Qxa5 Qh2+ 72. Ka3 {Zeitüberschreitung} 1-0

[Event "2BLN 2324 SV Glückauf Rüdersdorf - SG "]
[Site "?"]
[Date "2024.02.25"]
[Round "8.7"]
[White "Schoene, Maria"]
[Black "Mickiewicz, Piotr"]
[Result "0-1"]
[WhiteElo "2182"]
[BlackElo "2239"]
[PlyCount "53"]
[EventDate "2024.??.??"]

1. e4 c5 2. Nf3 d6 3. d4 Nf6 4. Nc3 cxd4 5. Nxd4 Bd7 6. Bg5 e6 7. Ndb5 Bxb5 8. Bxb5+ Nc6 9. O-O Be7 10. h3 O-O 11. Qd2 Rc8 12. Rad1 a6 13. Be2 Qa5 14. Bb5 Rfd8 15. a3 axb5 16. b4 Nxb4 17. Ra1 Qb6 18. Qe2 Nd3 19. cxd3 h6 20. Bh4 Rc6 21. d4 Rb8 22. e5 Nd5 23. Nxd5 Kh7 24. Qe4+ Kg8 25. Qf5 exd5 26. a4 Qa5 27. Kh2 {Qa1 g3 a3 Kg2 Qb2} 0-1

[Event "2BLN 2324 SV Glückauf Rüdersdorf - SG "]
[Site "?"]
[Date "2024.02.25"]
[Round "8.8"]
[White "Wlodarczyk, Oskar"]
[Black "Wagner, Benjamin"]
[Result "1-0"]
[WhiteElo "2225"]
[BlackElo "2163"]
[PlyCount "111"]
[EventDate "2024.??.??"]

1. e4 e5 2. Nf3 Nc6 3. Bc4 Bc5 4. c3 Nf6 5. d3 d6 6. O-O a6 7. a4 Ba7 8. Re1 O-O 9. Bg5 h6 10. Bh4 Qe7 11. Nbd2 Be6 12. Bb3 g5 13. Bg3 Nd7 14. Nf1 Qf6 15. Ne3 Rfe8 16. Nd5 Bxd5 17. Bxd5 Nf8 18. h4 g4 19. Nh2 h5 20. Kh1 Ne7 21. Bxb7 Rab8 22. Bxa6 Rxb2 23. Re2 Reb8 24. Bb5 Rxe2 25. Qxe2 Neg6 26. f3 gxf3 27. Qxf3 Qxf3 28. Nxf3 Ne6 29. Rd1 Nef4 30. d4 f6 31. Bf2 Ne7 32. g3 Nfg6 33. Kg1 c6 34. Bd3 Kg7 35. dxe5 Bxf2+ 36. Kxf2 fxe5 37. a5 Rb3 38. a6 Nc8 39. Rc1 Ra3 40. Ke3 Nf8 41. Rb1 Ne6 42. Rb7+ Kf6 43. Ng5 Nc5 44. Nh7+ Ke6 45. Nf8+ Kf6 46. Nd7+ Nxd7 47. Rxd7 d5 48. exd5 cxd5 49. Rxd5 Rxc3 50. Rd8 Ke7 51. Rh8 Ke6 52. Kd2 Rc5 53. Be4 Nd6 54. Rh6+ Ke7 55. Rxd6 Kxd6 56. a7 1-0

[Event "2BLN 2324 SF Berlin - HSK Lister Turm II"]
[Site "?"]
[Date "2024.02.25"]
[Round "8.1"]
[White "von Mettenheim, Johannes"]
[Black "Tomczak, Jacek"]
[Result "1/2-1/2"]
[WhiteElo "2262"]
[BlackElo "2598"]
[PlyCount "98"]
[EventDate "2024.??.??"]

1. d4 Nf6 2. c4 g6 3. Nc3 d5 4. Nf3 Bg7 5. h3 O-O 6. cxd5 Nxd5 7. e4 Nxc3 8. bxc3 c5 9. Be2 Nc6 10. Be3 cxd4 11. cxd4 f5 12. Bc4+ Kh8 13. O-O Na5 14. Bd3 Nc6 15. Bc4 Na5 16. Bb3 Nxb3 17. Qxb3 Qb6 18. Qa3 Qd6 19. Qxd6 exd6 20. e5 dxe5 21. dxe5 Bd7 22. Bc5 Rfc8 23. Bd6 Rc4 24. Rfe1 Re8 25. Rac1 Be6 26. a3 b5 27. Rcd1 Rcc8 28. Bb4 Kg8 29. Rd6 Rc7 30. Ra6 Bc8 31. Rd6 Bb7 32. Ng5 Bf8 33. Re6 Rec8 34. Bd6 Rd7 35. Bxf8 Rxf8 36. Rd6 Re7 37. Ne6 Rc8 38. Red1 a5 39. Nd4 Rxe5 40. Rb6 Be4 41. Nxb5 Rec5 42. Nd6 Rc1 43. Rxc1 Rxc1+ 44. Kh2 Rc3 45. Nxe4 fxe4 46. Re6 Rxa3 47. Rxe4 Kf7 48. Re5 h5 49. h4 Kf6 {(=)} 1/2-1/2

[Event "2BLN 2324 SF Berlin - HSK Lister Turm II"]
[Site "?"]
[Date "2024.02.25"]
[Round "8.2"]
[White "Neiksans, Arturs"]
[Black "Polster, Christian"]
[Result "1-0"]
[WhiteElo "2590"]
[BlackElo "2265"]
[PlyCount "99"]
[EventDate "2024.??.??"]

1. Nf3 d5 2. g3 Nf6 3. Bg2 c5 4. O-O g6 5. d4 cxd4 6. Nxd4 Bg7 7. c4 O-O 8. cxd5 Nxd5 9. Nc3 Nxc3 10. bxc3 a6 11. Ba3 Qc7 12. Qb3 Re8 13. Rfd1 Nd7 14. Rac1 e5 15. Nc2 Nc5 16. Qc4 Bf8 17. Ne3 Be6 18. Nd5 Bxd5 19. Bxd5 b5 20. Qh4 Rab8 21. c4 b4 22. Bb2 Bg7 23. e4 a5 24. Qg4 Rb6 25. Kg2 h5 26. Qe2 Bh6 27. Rc2 Reb8 28. Rf1 a4 29. a3 bxa3 30. Bxa3 Bf8 31. Ra2 Qd7 32. Qc2 Rb3 33. Rfa1 Qc7 34. h4 Qc8 35. Qe2 Kg7 36. Bc1 Nd3 37. Rxa4 Bc5 38. Ra7 Nxf2 39. Rxf7+ Kh8 40. Rxf2 Bxf2 41. Qxf2 Qf8 42. Qxf8+ Rxf8 43. Ra3 Rb1 44. Rc3 Ra1 45. c5 Rb8 46. c6 Rbb1 47. c7 Rxc1 48. c8=Q+ Kg7 49. Qg8+ Kf6 50. Qf7# 1-0

[Event "2BLN 2324 SF Berlin - HSK Lister Turm II"]
[Site "?"]
[Date "2024.02.25"]
[Round "8.3"]
[White "Gentemann, Moritz"]
[Black "Blohberger, Felix"]
[Result "1/2-1/2"]
[WhiteElo "2242"]
[BlackElo "2537"]
[PlyCount "108"]
[EventDate "2024.??.??"]

1. c4 Nf6 2. Nc3 e5 3. Nf3 Nc6 4. e3 Bb4 5. Qc2 Bxc3 6. Qxc3 Qe7 7. a3 O-O 8. Be2 d5 9. d4 exd4 10. Nxd4 Nxd4 11. Qxd4 c5 12. Qh4 Be6 13. cxd5 Nxd5 14. Qxe7 Nxe7 15. Bd2 Rfd8 16. Bf3 Bd5 17. Bxd5 Rxd5 18. Bc3 Rad8 19. Ke2 Nc6 20. Rhd1 Kf8 21. Rxd5 Rxd5 22. g4 g6 23. e4 Nd4+ 24. Bxd4 Rxd4 25. Ke3 Rc4 26. Kd3 b5 27. b3 Rd4+ 28. Ke3 Rd6 29. Rc1 Rc6 30. g5 Ke7 31. f4 Kd6 32. Rd1+ Kc7 33. Rc1 Ra6 34. Ra1 Rd6 35. Rc1 Ra6 36. Ra1 Rd6 37. Rc1 Kb6 38. h4 a5 39. h5 Rd4 40. hxg6 hxg6 41. Rh1 a4 42. b4 Rc4 43. bxc5+ Kxc5 44. Kd3 Rd4+ 45. Ke3 b4 46. Rh8 Rd6 47. axb4+ Kxb4 48. Rb8+ Kc3 49. Rc8+ Kb3 50. Rb8+ Kc4 51. Ra8 Kb4 52. f5 Rd7 53. Rb8+ Kc5 54. Ra8 Kb4 1/2-1/2

[Event "2BLN 2324 SF Berlin - HSK Lister Turm II"]
[Site "?"]
[Date "2024.02.25"]
[Round "8.4"]
[White "Schmidek, Emil"]
[Black "Hoerstmann, Martin"]
[Result "0-1"]
[WhiteElo "2446"]
[BlackElo "2207"]
[PlyCount "136"]
[EventDate "2024.??.??"]

1. d4 Nf6 2. c4 e6 3. Nc3 Bb4 4. Bd2 c5 5. dxc5 O-O 6. Nf3 Bxc5 7. g3 d5 8. Bg2 dxc4 9. O-O Nbd7 10. Qc2 Qe7 11. Ne4 b5 12. Nxc5 Nxc5 13. Ng5 Bb7 14. Bc3 e5 15. Bxb7 Nxb7 16. f4 e4 17. Bxf6 Qxf6 18. Qxe4 Qb6+ 19. Kh1 g6 20. f5 Nc5 21. Qh4 Qb7+ 22. Kg1 f6 23. fxg6 hxg6 24. Nf3 Rae8 25. Qd4 Qc6 26. Rae1 Kg7 27. b4 Ne4 28. Rd1 Re7 29. Nd2 Ng5 30. e4 Nxe4 31. Nxe4 Qxe4 32. Qxe4 Rxe4 33. a4 bxa4 34. Ra1 Rf7 35. Rfc1 Rc7 36. Kf2 c3 37. Rxa4 c2 38. Ra2 Rec4 39. Ke3 Kh6 40. h3 Rc3+ 41. Kf2 Kg5 42. Ra5+ f5 43. Ra2 f4 44. Ra5+ Kf6 45. gxf4 Rxh3 46. Ke2 Rh4 47. Ra6+ Kf5 48. Ke3 Rh3+ 49. Kd2 Rf3 50. b5 Rxf4 51. Kd3 Rf3+ 52. Kd2 Rf2+ 53. Ke3 Rh2 54. Rf1+ Ke5 55. Rc6 Rxc6 56. bxc6 Kd6 57. Rg1 Rg2 58. Re1 Kxc6 59. Kd3 g5 60. Kc3 g4 61. Kb2 g3 62. Re6+ Kd5 63. Rg6 Ke4 64. Rg7 Kd3 65. Rd7+ Ke3 66. Re7+ Kd2 67. Rd7+ Ke1 68. Rd3 Kf1 0-1

[Event "2BLN 2324 SF Berlin - HSK Lister Turm II"]
[Site "?"]
[Date "2024.02.25"]
[Round "8.5"]
[White "Antonov, Alexander"]
[Black "Jakubowski, Krzysztof"]
[Result "0-1"]
[WhiteElo "2215"]
[BlackElo "2467"]
[PlyCount "98"]
[EventDate "2024.??.??"]

1. e4 g6 2. Nc3 Bg7 3. d4 d6 4. Be3 a6 5. h3 b5 6. g4 Bb7 7. Bg2 Nd7 8. Qd2 Nb6 9. b3 Nf6 10. g5 Nfd7 11. Nge2 c5 12. Rd1 Qc7 13. O-O O-O 14. dxc5 Nxc5 15. Nd5 Nxd5 16. exd5 Rac8 17. Nd4 Nd7 18. a4 bxa4 19. bxa4 Qc4 20. Rb1 Bxd5 21. Rb4 Qa2 22. Nf5 gxf5 23. Bxd5 Qxc2 24. Bb7 Qxd2 25. Bxd2 Rc2 26. Be3 a5 27. Rb5 Nc5 28. Bf3 Nxa4 29. Rxa5 Nc5 30. Ra7 e6 31. Rd1 Be5 32. Rc7 Rc3 33. Kg2 Ne4 34. Rc1 Rxc7 35. Rxc7 d5 36. Rd7 f4 37. Bxe4 dxe4 38. Bd4 f3+ 39. Kg1 Bf4 40. Be3 Be5 41. Bd4 Bf4 42. Be3 Bxe3 43. fxe3 Ra8 44. Rd4 Ra1+ 45. Kf2 Ra2+ 46. Kf1 Rh2 47. Rxe4 Rxh3 48. Kf2 Kg7 49. Rf4 Rh5 0-1

[Event "2BLN 2324 SF Berlin - HSK Lister Turm II"]
[Site "?"]
[Date "2024.02.25"]
[Round "8.6"]
[White "Agopov, Mikael"]
[Black "Bleecke, Sebastian"]
[Result "0-1"]
[WhiteElo "2450"]
[BlackElo "2162"]
[PlyCount "76"]
[EventDate "2024.??.??"]

1. e4 e5 2. Nf3 Nc6 3. Bb5 a6 4. Ba4 Nf6 5. O-O d6 6. Re1 Bd7 7. c4 Bg4 8. h3 Bh5 9. d3 Nd7 10. Be3 Be7 11. Nc3 Bxf3 12. Qxf3 O-O 13. Nd5 Nc5 14. Bxc6 bxc6 15. Nxe7+ Qxe7 16. d4 Nd7 17. Qd1 Rfb8 18. Qa4 exd4 19. Bxd4 c5 20. Bc3 Nb6 21. Qc2 Nxc4 22. Bxg7 Kxg7 23. Qxc4 Qe5 24. b3 Rb4 25. Qd3 Re8 26. Rac1 Rxe4 27. Rxe4 Qxe4 28. Qxa6 Ra8 29. Qf1 Rxa2 30. Rc3 Qe2 31. Rg3+ Kf8 32. Qc1 Qxf2+ 33. Kh2 Qf6 34. Qc4 h5 35. b4 Qe5 36. Qh4 f6 37. bxc5 Ra3 38. cxd6 cxd6 0-1

[Event "2BLN 2324 SF Berlin - HSK Lister Turm II"]
[Site "?"]
[Date "2024.02.25"]
[Round "8.7"]
[White "Braeutigam, Mike"]
[Black "Seyb, Alexander"]
[Result "1/2-1/2"]
[WhiteElo "1886"]
[BlackElo "2437"]
[PlyCount "39"]
[EventDate "2024.??.??"]

1. Nf3 g6 2. d4 Nf6 3. Bf4 Bg7 4. Nc3 d6 5. Qd2 c6 6. a4 Qa5 7. e4 O-O 8. Rd1 Bg4 9. Be2 Nbd7 10. O-O e5 11. dxe5 dxe5 12. Bg5 Rfe8 13. h3 Bxf3 14. Bxf3 Rad8 15. Nd5 Qxd2 16. Nxf6+ Bxf6 17. Bxd2 Nc5 18. b3 Ne6 19. Be3 Nd4 20. Bxd4 1/2-1/2

[Event "2BLN 2324 SF Berlin - HSK Lister Turm II"]
[Site "?"]
[Date "2024.02.25"]
[Round "8.8"]
[White "Kristoferitsch, Daniel"]
[Black "Sauer, Tim"]
[Result "1-0"]
[WhiteElo "2246"]
[BlackElo "2054"]
[PlyCount "177"]
[EventDate "2024.??.??"]

1. d4 d5 2. c4 c6 3. Nc3 Nf6 4. e3 e6 5. Nf3 Nbd7 6. Bd3 dxc4 7. Bxc4 b5 8. Bd3 Bb7 9. e4 b4 10. Na4 c5 11. e5 Nd5 12. O-O h6 13. Bd2 Rc8 14. Qe2 Qa5 15. a3 cxd4 16. Nxd4 Nc7 17. f4 Qd5 18. Be3 Nc5 19. Bc4 Qd7 20. Nxc5 Bxc5 21. Rfd1 Bd5 22. axb4 Bb6 23. Bd3 O-O 24. Bc2 g6 25. Kh1 Qe7 26. Bg1 Qh4 27. Ra3 Qxf4 28. Rg3 Ne8 29. Rg4 Rxc2 30. Nxc2 Qf5 31. Bxb6 axb6 32. Rgd4 Ng7 33. Rf1 Qg5 34. h4 Qg3 35. Ne3 Qxe5 36. Qd2 Qh5 37. Qd1 Qxd1 38. Rfxd1 Nf5 39. Nxd5 exd5 40. Rf4 Rd8 41. g4 Nxh4 42. Rf6 b5 43. Rb6 Re8 44. Kh2 Re4 45. Kg3 g5 46. Rxb5 Re3+ 47. Kf2 Rb3 48. Rdxd5 Rxb2+ 49. Ke3 Rg2 50. Rd4 Rg3+ 51. Ke2 Rg2+ 52. Kd3 Rg3+ 53. Kc2 Rg2+ 54. Kc3 Rg3+ 55. Kb2 Rg2+ 56. Ka3 Nf3 57. Rd3 Ne1 58. Rd8+ Kg7 59. Re5 Nc2+ 60. Kb3 Nxb4 61. Kxb4 Rxg4+ 62. Kc3 Rf4 63. Kd2 f6 64. Re7+ Kg6 65. Rg8+ Kh5 66. Rh7 g4 67. Rgh8 Kh4 68. Rxh6+ Kg3 69. Re8 f5 70. Rh5 Rf2+ 71. Re2 f4 72. Rg5 Rf1 73. Re1 Rf2+ 74. Kd3 Kf3 75. Rf5 g3 76. Re4 Kg4 77. Rf8 g2 78. Rg8+ Kf3 79. Re7 Rf1 80. Reg7 Rd1+ 81. Kc2 Rg1 82. Rd7 Re1 83. Rd3+ Re3 84. Rd2 Re2 85. Rxe2 Kxe2 86. Rxg2+ Kf1 87. Rg4 f3 88. Kd2 f2 89. Rf4 1-0

[Event "2BLN 2324 SK Zehlendorf - SC Rotation Pa"]
[Site "?"]
[Date "2024.02.25"]
[Round "8.1"]
[White "Glek, Igor"]
[Black "Baskin, Robert"]
[Result "1/2-1/2"]
[WhiteElo "2393"]
[BlackElo "2474"]
[PlyCount "32"]
[EventDate "2024.??.??"]

1. e4 c5 2. Nf3 Nc6 3. Bb5 e6 4. O-O Nge7 5. d4 cxd4 6. Nxd4 Ng6 7. c3 Be7 8. Be3 O-O 9. Nd2 Nxd4 10. cxd4 d5 11. e5 Nh4 12. Bd3 Nf5 13. Nf3 Nxe3 14. fxe3 Bd7 15. Rf2 Rc8 16. Rc1 Rxc1 1/2-1/2

[Event "2BLN 2324 SK Zehlendorf - SC Rotation Pa"]
[Site "?"]
[Date "2024.02.25"]
[Round "8.2"]
[White "Lagunow, Raphael"]
[Black "Szelag, Marcin"]
[Result "1-0"]
[WhiteElo "2413"]
[BlackElo "2401"]
[PlyCount "89"]
[EventDate "2024.??.??"]

1. c4 g6 2. g3 c5 3. Bg2 Bg7 4. Nc3 Nc6 5. d3 Nf6 6. a3 O-O 7. Rb1 a5 8. Nh3 d6 9. Nf4 Bd7 10. Bd2 Rb8 11. O-O e6 12. e3 Ne8 13. Nb5 Ne5 14. b3 d5 15. a4 d4 16. exd4 cxd4 17. Nxd4 Nxd3 18. Nxd3 Bxd4 19. Bf4 Nc7 20. Ne5 Bxe5 21. Bxe5 f6 22. Bd6 Re8 23. Qe1 Bc6 24. Rd1 Bxg2 25. Kxg2 Qd7 26. Qxa5 Qc6+ 27. Kg1 b6 28. Qe1 Rbc8 29. Ba3 Rcd8 30. Rxd8 Rxd8 31. Be7 Rd3 32. Bxf6 Rxb3 33. Ba1 Qxc4 34. Qe5 Kf7 35. Qg7+ Ke8 36. Qxh7 Qc2 37. Bf6 Nd5 38. Qg8+ Kd7 39. Qd8+ Kc6 40. Qc8+ Nc7 41. Be5 Kd5 42. Qxc7 Qxc7 43. Bxc7 Kc6 44. Rc1+ Kb7 45. Rc4 1-0